Personnalités francophones nées en février par images - Statistiques

Statistiques générales
  • Ce quiz a été pris 85 fois
  • Le résultat moyen est 12 sur 16
Statistiques - réponses
Par images Hint Réponse % Correct
Chanteur Vianney
100%
Chanteur Claude François
95%
Astronaute Thomas Pesquet
94%
Dirigeant Politique Valéry Giscard d'Estaing
92%
Écrivain Victor Hugo
92%
Chanteur Daniel Balavoine
91%
Youtubeur Inoxtag
91%
Youtubeuse Natoo
90%
Animateur Laurent Ruquier
78%
Politicienne Nathalie Arthaud
69%
Doyenne de France Jeanne Calment
68%
Pilote Automobile Pierre Gasly
68%
Chanteuse Natasha St-Pier
67%
Acteur Jacques Villeret
54%
Cycliste Pauline Ferrand-Prévot
44%
Écrivain Jules Verne
37%
Aucun quiz correspondant
Distribution des résultats
% des personnes avec chaque résultat
Percentile par nombre de réponses
Votre historique - résultats
Vous n’avez pas pris ce quiz